000 00255 a2200109 4500
999 _c12300
_d12300
008 240117b ||||| |||| 00| 0 eng d
020 _a9788972129844
082 _a720
100 _aSeonghee Yang
245 _aArchitectural details, Vol. IV
942 _2ddc